Dudley Carleton to John Chamberlain, 1603-1624 : (Record no. 36395)
[ view plain ]
| 000 -LEADER | |
|---|---|
| fixed length control field | 00999cam a2200289 4500 |
| 001 - CONTROL NUMBER | |
| control field | 36395 |
| 003 - CONTROL NUMBER IDENTIFIER | |
| rucl marc code | BD-RjUL |
| 005 - DATE AND TIME OF LATEST TRANSACTION | |
| control field | 20211209052500.0 |
| 008 - FIXED-LENGTH DATA ELEMENTS--GENERAL INFORMATION | |
| fixed length control field | 140622s1972 njuc 001 0aeng |
| 020 ## - INTERNATIONAL STANDARD BOOK NUMBER | |
| International Standard Book Number | 0813507235 |
| 035 ## - SYSTEM CONTROL NUMBER | |
| System control number | (BD-RjUL)36492 |
| 040 ## - CATALOGING SOURCE | |
| Original cataloging agency | DLC |
| Transcribing agency | DLC |
| Modifying agency | BD-RjUL |
| Language of cataloging | eng |
| 041 ## - LANGUAGE CODE | |
| Language code of text/sound track or separate title | eng |
| 082 00 - DEWEY DECIMAL CLASSIFICATION NUMBER | |
| Classification number | 320.942061 |
| Author mark and year | CAD 1972 |
| 100 1# - MAIN ENTRY--PERSONAL NAME | |
| Personal name | Carleton, Dudley, |
| Dates associated with a name | 1573-1632. |
| 9 (RLIN) | 110744 |
| 245 10 - TITLE STATEMENT | |
| Title | Dudley Carleton to John Chamberlain, 1603-1624 : |
| Remainder of title | Jacobean letters / |
| Statement of responsibility, etc. | Edited with an introd. by Maurice Lee, Jr. |
| 260 ## - PUBLICATION, DISTRIBUTION, ETC. (IMPRINT) | |
| Place of publication, distribution, etc. | New Brunswick, N.J. : |
| Name of publisher, distributor, etc. | Rutgers University Press, |
| Date of publication, distribution, etc. | c1972. |
| 300 ## - PHYSICAL DESCRIPTION | |
| Pagination | x, 335 p. : |
| Illustrations | port. ; |
| Size | 24 cm. |
| 504 ## - BIBLIOGRAPHY, ETC. NOTE | |
| Bibliography, etc | Includes index. |
| 600 10 - SUBJECT ADDED ENTRY--PERSONAL NAME | |
| Personal name | Dorchester, Dudley Carleton, |
| Titles and other words associated with a name | 1st Viscount, |
| Dates associated with a name | 1573-1632. |
| 651 #0 - SUBJECT ADDED ENTRY--GEOGRAPHIC NAME | |
| Geographic name | Great Britain |
| General subdivision | Foreign relations |
| Chronological subdivision | 1603-1625. |
| 9 (RLIN) | 110746 |
| 700 1# - ADDED ENTRY--PERSONAL NAME | |
| Personal name | Chamberlain, John, |
| Dates associated with a name | 1554?-1628. |
| Personal name | Lee, Maurice. |
| 942 ## - ADDED ENTRY ELEMENTS (KOHA) | |
| Source of classification or shelving scheme | Dewey Decimal Classification |
| Koha item type | Books |
| Lost status | Source of classification or shelving scheme | Damaged status | Not for loan | Collection code | Permanent Location | Current Location | Shelving location | Date acquired | Source of acquisition | Total Checkouts | Full call number | Date last seen | Copy number | Koha item type |
|---|---|---|---|---|---|---|---|---|---|---|---|---|---|---|
| Dewey Decimal Classification | Not For Loan | Non-fiction | Central Library, University of Rajshahi | Central Library, University of Rajshahi | Reading Room | 24/02/1985 | Asia Foundation | 320.942061 CAD 1972 | 22/06/2014 | C-1 | Books |